Provinces (Vilayets) of the Ottoman Empire in 1900 with a Map - Statistics

General Stats
  • This quiz has been taken 3,896 times
  • The average score is 19 of 40
Answers on the Map
Answers color-coded by a green-red scale on the quiz's map according to % correct below.
 
Answer Stats
Vilayets % Correct
Constantinople
93%
Crete
83%
Bulgaria
82%
Kuwait
81%
Ankara
77%
Aydin
76%
Baghdad
76%
Qatar
76%
Damascus
71%
Jerusalem
70%
Yemen
67%
Trebizond
64%
Aleppo
61%
Mosul
61%
Hejaz
60%
Mount Lebanon
60%
Salonica
58%
Bursa
56%
Edirne
56%
Basra
55%
Tripolitania
55%
Konya
49%
Adana
48%
Van
48%
Beirut
45%
Erzurum
36%
Kosovo
35%
Sivas
28%
Eastern Rumelia
27%
Kastamonu
24%
Janina
22%
Scutari
19%
Archipelago
18%
Bitlis
18%
Diyarbekir
12%
Mamuret-ul-Aziz
12%
Manastir
12%
Samos
10%
Zor
10%
Zaidi Imamate
7%
No matching quizzes found
Score Distribution
Percent of People with Each Score
Percentile by Number Answered
Your Score History
You have not taken this quiz